000 02365nam0a2200397 4500
001 RU\NLR\bibl\319786
005 20250621142622.0
010 _a5-7964-0300-1
_9100
021 _aRU
_b2002-31087
_91540
035 _a(NLR Aleph) 000314847
090 _a60376
_c60376
100 _a20021008d2002 |||y0rusy50 ca
101 0 _arus
102 _aRU
105 _aa |||||||||
200 1 _aТеоретические основы прогрессивных технологий
_eУчеб. пособие для изучения курса естеств.-науч. дисциплин по разделу Химия по спец. 060800
_fС.В. Леванова
_gМ-во образования Рос. Федерации, Гос. образоват. учреждение высш. проф. образования "Самар. гос. техн. ун-т"
210 _aСамара
_cСГТУ
_d2002
215 _a49 с.
_cил.
_d21
320 _aБиблиогр.: с. 48
606 0 _aХимическая технология
_jРуководства, пособия и т.п. для высшей школы
_xТеоретические основы
_91112679
_3RU\NLR\auth\66439719
606 0 _aХимическая технология
_jУчебные издания для высшей школы
_xТеоретические основы
_91112679
_3RU\NLR\auth\66439719
606 0 _aХимико-технологические процессы
_jРуководства, пособия и т.п. для высшей школы
_xТермодинамический расчет
_92174704
_3RU\NLR\auth\661307976
606 0 _aХимико-технологические процессы
_jУчебные издания для высшей школы
_xТермодинамический расчет
_92174704
_3RU\NLR\auth\661307976
610 0 _aХимическая технология - Процессы - Математическое моделирование
675 _a66.023/(075.8)
_v3
_zrus
686 _a61
_2rugasnti
686 _a35.20я73
_2rubbk
686 _aЛ10-1я73-1
700 1 _aЛеванова
_bС. В.
_gСветлана Васильевна
_4070
801 0 _aRU
_bRKP
_c20021008
_gPSBO
801 1 _aRU
_bRKP
_c20021008
801 2 _aRU
_bNLR
_c20070720
_grcr
942 _cBOOK
980 _aNB
980 _aNBR